| 000 | 01331cam a22002891i 4500 | ||
|---|---|---|---|
| 003 | SA-RiAUC | ||
| 005 | 20250828065933.0 | ||
| 008 | 250824s1993 ir g e 000 0 ara c | ||
| 040 |
_aSA-JeALM _bara _cSA-RiAUC _erda |
||
| 050 | 4 | _b.H35 1993 | |
| 082 | 0 | 4 | _a247.03 |
| 090 |
_a247.03 _bح ك ي |
||
| 100 | 1 |
_aالحكيمي، محمد رضا، _d1931-1992 _eمؤلف. |
|
| 245 | 1 | 2 |
_aالحياة / _cمحمد رضا الحكيمي، محمد الحكيمي، علي الحكيمي. |
| 264 | 1 |
_aبيروت: _bالدار الإسلامية، _c1999 |
|
| 300 |
_a2 مجلد؛ _c24 سم. |
||
| 336 |
_aنص _btxt _2rdacontent _3كتاب |
||
| 337 |
_aبدون وسيط _bn _2rdamedia |
||
| 338 |
_aمجلد _bnc _2rdacarrier |
||
| 500 | _aاهداء من مجيد الرضائي عام 2003 | ||
| 520 | 0 | _aموسوعة إسلامية علمية موضوعية تخطط مناهج الحياة الحرة الصاعدة للفرد والمجتمع وتدعو إلى دعم نظام إنساني صالح في جميع آفاق الأرض. | |
| 650 | 7 |
_aالشيعة (فرقة إسلامية) _vدوائر معارف _2aucsh |
|
| 700 | 1 |
_aالحكيمي، محمد رضا، _d1931-1992 _eمؤلف. |
|
| 700 | 1 |
_aالحكيمي، علي _eمؤلف. |
|
| 942 |
_2ddc _cBOOK _n0 |
||
| 949 |
_aSA-JeALM _d250824 _umohamedma123 _n1 |
||
| 999 |
_c11246 _d11246 |
||